Primárny trh cenných papierov ako možnosť získavania kapitálu bakalárska práca

Gespeichert in:
Bibliographische Detailangaben
1. Verfasser: Ondrisková, Nikoleta
Körperschaft: Fakulta podnikového manažmentu EU. Katedra podnikových financií
Weitere Verfasser: Kmeťko, Miroslav, 1969-
Format: Buch
Sprache:Slowakisch
Veröffentlicht: Bratislava 2018
Tags: Tag hinzufügen
Keine Tags, Fügen Sie das erste Tag hinzu!

MARC

LEADER 00000nbm a2200000 4500
001 0244570
005 20180927103455.7
041 0 |a slo 
044 |a SK 
245 1 0 |a Primárny trh cenných papierov ako možnosť získavania kapitálu  |b bakalárska práca  |c Nikoleta Ondrisková ; školiteľ: Miroslav Kmeťko 
264 1 |a Bratislava  |c 2018 
300 |a 47 s. 
100 1 |a Ondrisková, Nikoleta 
700 1 |a Kmeťko, Miroslav, 1969- 
710 2 |a Fakulta podnikového manažmentu EU. Katedra podnikových financií